| 000 | 01408nam a2200349 i 4500 | ||
|---|---|---|---|
| 003 | EG-GICUC | ||
| 005 | 20260121101442.0 | ||
| 008 | 251208s2009 ua ||||f |||| 000 0 ara d | ||
| 017 | _a2009/13490 | ||
| 020 | _a978-977-04-6131-7 | ||
| 040 |
_a EG-GICUC _bara _c EG-GICUC _d EG-GICUC _erda |
||
| 041 | _aara | ||
| 082 | 0 | 4 |
_221 _a343.46 _bش م . ج |
| 092 | 0 | 4 | _221 |
| 099 | _aLaw1 10 343.46 ش م . ج 2009 | ||
| 100 | 0 |
_aشمسان ناجي صالح الخيلي _eمؤلف. |
|
| 245 | 1 | 2 |
_aالجرائم االمستخدمة بطرق غير مشروعة لشبكة الإنترنت ؛ _bدراسة مقارنة / _cشمسان ناجي صالح الخيلي. |
| 264 | 1 |
_aالقاهرة : _bدار النهضة العربية, _c2009. |
|
| 300 |
_a320 ؛صفحة _c24 سم |
||
| 336 |
_2rda content _atext |
||
| 337 |
_2rda media _aComputer |
||
| 338 |
_2rda carrier _aOnline Resource |
||
| 504 | _a. 312-295 ببليوجرافيا: صفحات. | ||
| 546 | _aالنص أغلبه باللغة العربية مع بعض النصوص الإنجليزية | ||
| 650 | 1 | 4 |
_aالتشريعات المتعلقة بتقنية المعلومات _2qrmak |
| 650 | 1 | 4 |
_aالجرائم الماسة بالأخلاق _2qrmak |
| 650 | 1 | 4 |
_aأركان الجريمة _2qrmak |
| 651 | 1 | _2qrmak | |
| 856 | 4 | 0 | _uhttps://fll.law.cu.edu.eg/fulltext/bks/B10-07045.pdf |
| 905 | _a79 | ||
| 942 |
_2ddc _cBK _e21 _n0 |
||
| 999 |
_c49157 _d49157 |
||